Governors of Oregon by Picture - Statistics

General Stats
  • This quiz has been taken 8 times
    3 since last reset
  • The average score is 16 of 42
Answer Stats
Picture Hint Answer % Correct
2015-2023 Kate Brown
100%
2023-Present Tina Kotek
100%
1995-2003 | 2011-2015 John Kitzhaber
67%
1849-1850 | 1853 Joseph Lane
67%
1967-1975 Tom McCall
67%
1862-1866 A. C. Gibbs
33%
1929-1931 Albin Walter Norblad Sr.
33%
1991-1995 Barbara Roberts
33%
1919-1923 Ben W. Olcott
33%
1939-1943 Charles A. Sprague
33%
1935-1939 Charles Martin
33%
1949-1952 Douglas McKay
33%
1943-1947 Earl Snell
33%
1956-1957 Elmo Smith
33%
1909-1910 Frank W. Benson
33%
1903-1909 George Eagle Chamberlain
33%
1854-1859 George Law Curry
33%
1866-1870 George Lemuel Woods
33%
1927-1929 I. L. Patterson
33%
1915-1919 James Withycombe
33%
1910-1911 Jay Bowerman
33%
1947-1949 John Hubert Hall
33%
1850-1853 John P. Gaines
33%
1853-1854 John Wesley Davis
33%
1858-1862 John Whiteaker
33%
1931-1935 Julius Meier
33%
1870-1877 La Fayette Grover
33%
1959-1967 Mark Hatfield
33%
1987-1991 Neil Goldschmidt
33%
1911-1915 Oswald West
33%
1952-1956 Paul L. Patterson
33%
1957-1959 Robert D. Holmes
33%
1975-1979 Robert W. Straub
33%
1877-1878 Stephen F. Chadwick
33%
1887-1895 Sylvester Pennoyer
33%
2003-2011 Ted Kulongoski
33%
1899-1903 Theodore Thurston Geer
33%
1979-1987 Victor Atiyeh
33%
1923-1927 Walter M. Pierce
33%
1895-1899 William Paine Lord
33%
1878-1882 W. W. Thayer
33%
1882-1887 Zenas Ferry Moody
33%
No matching quizzes found
Score Distribution
Percent of People with Each Score
Percentile by Number Answered
Your Score History
You have not taken this quiz since the last reset